000 00343cam a22001217a 4500
008 180718b1974 xxu||||| |||| 00| 0 eng d
082 _aT604x73 W635
100 _aWiedmer, John P.
245 _aReal estate finance
_cby John P. Wiedemer
260 _aLondon
_bReston
_c1974
300 _a331p.
650 _aReal estate business - Finance - U.S.A.
999 _c356339
_d356339